Missing Word: 'F' Movies Quiz Stats

Quiz Updated Oct 5, 2016

Challenge
Share
Tweet
Embed
Score 0/22 Timer 02:00
0 Plays Today
Movie F Word % Correct
______ NemoFinding
99.2%
______ GumpForrest
97.1%
Pulp ______Fiction
97%
The Fast and the ______Furious
96.9%
______ DestinationFinal
94.6%
A ______ Good MenFew
93.2%
One ______ Over the Cuckoo's NestFlew
92.9%
______ Club Fight
92.1%
______ Bueller's Day OffFerris
92.1%
Meet the ______Fockers
90.8%
______ Russia with LoveFrom
90.6%
Movie F Word % Correct
______ Metal JacketFull
90.5%
______ of the BrideFather
89.7%
______ On the RoofFiddler
82.3%
A ______ Called WandaFish
79.8%
______ Sarah MarshallForgetting
79%
The ______ ElementFifth
78%
Bride of ______Frankenstein
75.2%
The Maltese ______Falcon
68.9%
______ Mr. FoxFantastic
68.7%
_____/NixonFrost
67.7%
Hot ______Fuzz
51.9%

Today's Daily Dose

You're not logged in!

Compare scores with friends on all Sporcle quizzes.
Sign Up with Email
OR
Log In

You Might Also Like...

Show Comments

Extras

Top Quizzes Today


Score Distribution

Your Account Isn't Verified!

In order to create a playlist on Sporcle, you need to verify the email address you used during registration. Go to your Sporcle Settings to finish the process.

Report this User

Report this user for behavior that violates our Community Guidelines.

Details: